Statistics for Nordic Word Chain

Click here to take the quiz!

General Stats

  • This quiz has been taken 109 times
  • The average score is 8 of 21

Answer Stats

HintAnswer% Correct
Capital of SwedenStockholm
95%
Country owning JutlandDenmark
92%
Third biggest city in SwedenMalmö
78%
Band with "Barbie Girl"Aqua
57%
Body of water bordering NorwayNorth Sea
57%
Bordering two Nordic countriesRussia
56%
Second-largest city in NorwayBergen
55%
A Doll's House writer (Last name)Henrik {Ibsen}
38%
Straits next to ^Øresund
37%
Artist with "Wake Me Up"Avicii
36%
Most Danish populated islandZealand
33%
Band with "The Sign"Ace of Base
26%
Country that existed between 1397 to 1523Kalmar Union
21%
Second-largest Demographics of IcelandPolish
15%
Duo with "Am I Wrong"Nico & Vinz
14%
King of NorwayHarald V
13%
Fifth biggest cities in DenmarkEsbjerg
10%
Northernmost point in main land EuropeNordkapp
10%
Danish Name for NuukGodthåb
9%
Biggest city starting with the 22nd letterVästerås
5%
Norse God of dawnDellingr
2%

Score Distribution

Percentile by Number Answered

Percent of People with Each Score

Your Score History

You have not taken this quiz